00461nam a2200145 a 450000100100000000500170001000800410002704000130006808200160008111000360009724500860013326000350021930000210025450400400027500000927720200929161535.0090929s1981 dr 000 0 spa d aDO-SdBNP axxxxbA168l1 aAcademia Dominicana de Medicina13aEl libro de oro. 10 Aniversario /cpresentación José María Duquela Morales. aSanto DomingofCorripioc1981. a141 p. ;c23 cm. aIncluye bibliografías (p. 36-38 )